000 008520am a2200253 004500
003 EG-GiCUC
008 070221s1995 ua g 000 0cara d
017 _a8172 / 1995
_bمصر.دار الكتب
020 _a9770145211
040 _aEG-GiCUC
_bara
_cEG-GiCUC
043 _af-ua---
050 4 _aHQ1793
_bM57 1995
092 0 4 _a305.4862
_bM67843
_221
099 _a04
_a305.4862 M67843
245 0 0 _aمصريات رائدات و مبدعات /
_cاعداد نخبة من الكاتبات و الباحثات
260 _aالقاهرة :
_bالهيئة المصرية العامة للكتاب :
_c1995
300 _a171ص ؛
_c22سم
650 7 _aالمرأة
_zمصر
_xتراجم
_2qrmak
651 7 _aمصر
_xتراجم
_2qrmak
902 _a4
905 _aبلتاجى
_eمراجع
905 _aجمال
_eمدخل
942 _2ddc
_cBK
999 _c92512
_d92512